Statistics for Athletes Turned Actors

Click here to take the quiz!

General Stats

  • This quiz has been taken 264 times
  • The average score is 8 of 18

Answer Stats

Film Sport of Choice Athlete/Actor % Correct
Space JamBasketballMichael Jordan
90%
The Scorpion KingWrestlingDwayne Johnson
85%
KazaamBasketballShaquille O'Neal
62%
Total RecallBodybuildingArnold Schwarzenegger
61%
The Naked GunFootballO.J. Simpson
57%
The Delta ForceMartial ArtsChuck Norris
52%
AirplaneBasketballKareem Abdul-Jabbar
51%
The Princess BrideWrestlingAndre the Giant
49%
Suburban CommandoWrestlingHulk Hogan
39%
The TransporterDivingJason Statham
37%
RockyFootballCarl Weathers
34%
He Got GameBasketballRay Allen
32%
Double TeamBasketballDennis Rodman
29%
Tarzan the Ape Man (1932)SwimmingJohnny Weissmuller
28%
Conan the DestroyerBasketballWilt Chamberlain
27%
The Dirty DozenFootballJim Brown
23%
Failure to LaunchFootballTerry Bradshaw
18%
Major LeagueBaseballBob Uecker
8%

Score Distribution

Percentile by Number Answered

Percent of People with Each Score

Your Score History

You have not taken this quiz